Research methods for clinical therapists : (Record no. 30772)
[ view plain ]
| 000 -LEADER | |
|---|---|
| fixed length control field | 02459cam a2200325 i 4500 |
| 001 - CONTROL NUMBER | |
| control field | 15648964 |
| 003 - CONTROL NUMBER IDENTIFIER | |
| control field | EG-ScBUE |
| 005 - DATE AND TIME OF LATEST TRANSACTION | |
| control field | 20240612111003.0 |
| 008 - FIXED-LENGTH DATA ELEMENTS--GENERAL INFORMATION | |
| fixed length control field | 090305s2009 stka f b 001 0 eng d |
| 020 ## - INTERNATIONAL STANDARD BOOK NUMBER | |
| International Standard Book Number | 9780702029981 (alk. paper) |
| 035 ## - SYSTEM CONTROL NUMBER | |
| System control number | (DNLM)101498138 |
| 040 ## - CATALOGING SOURCE | |
| Original cataloging agency | DNLM/DLC |
| Language of cataloging | eng |
| Description conventions | rda |
| Transcribing agency | DLC |
| Modifying agency | DLC |
| -- | EG-ScBUE |
| 082 04 - DEWEY DECIMAL CLASSIFICATION NUMBER | |
| Classification number | 615.820727 |
| Edition number | 22 |
| Item number | HIC |
| 100 1# - MAIN ENTRY--PERSONAL NAME | |
| Personal name | Hicks, Carolyn, |
| Relator term | author. |
| 245 10 - TITLE STATEMENT | |
| Title | Research methods for clinical therapists : |
| Remainder of title | applied project design and analysis / |
| Statement of responsibility, etc | Carolyn M. Hicks, BA MA PhD PGCE CPsychol, professor of health care psychology, College of Medical and Dental Sciences, University of Birmingham, UK. |
| 250 ## - EDITION STATEMENT | |
| Edition statement | Fifth edition. |
| 264 #1 - PUBLICATION, DISTRIBUTION, ETC. (IMPRINT) | |
| Place of publication, distribution, etc | Edinburgh : |
| Name of publisher, distributor, etc | Elsevier, |
| Date of publication, distribution, etc | 2009. |
| 300 ## - PHYSICAL DESCRIPTION | |
| Extent | xi, 406 pages : |
| Other physical details | illustrations (some color) ; |
| Dimensions | 25 cm |
| 336 ## - CONTENT TYPE | |
| Source | rdacontent |
| Content type term | text |
| Content type code | txt |
| 337 ## - MEDIA TYPE | |
| Source | rdamedia |
| Media type term | unmediated |
| Media type code | n |
| 338 ## - CARRIER TYPE | |
| Source | rdacarrier |
| Carrier type term | volume |
| Carrier type code | nc |
| 504 ## - BIBLIOGRAPHY, ETC. NOTE | |
| Bibliography, etc | Includes bibliographical references and index. |
| 505 0# - FORMATTED CONTENTS NOTE | |
| Formatted contents note | Research design and statistics : some basic concepts -- Questionnaires, surveys, and sampling -- The nature of the data -- Techniques of descriptive statistics -- Testing hypotheses -- Designing your study -- Sources of error in research -- Matching the research design to the statistical test -- Putting the theory into practice -- Writing up the research for publication -- Reading published research critically -- Non-parametric tests for same- and matched-subject designs -- Parametric tests for same- and matched-subject designs -- Non-parametric tests for different- (unrelated-) subject designs -- Parametric tests for different- (unrelated-) subject designs -- Non-parametric and parametric tests for correlational designs -- Estimation -- Attitude scales -- Repertory grid analysis -- Using statistics in diagnostic and screening tests : receiver operating characteristics -- Capturing expert opinion : the Delphi technique -- Capturing the user voice : Thurstone's paired comparison technique -- Capturing the clinician's view : reliability measures -- Undertaking systematic reviews. |
| 650 #7 - SUBJECT ADDED ENTRY--TOPICAL TERM | |
| Topical term or geographic name as entry element | Physical therapy |
| General subdivision | Research |
| -- | Statistical methods. |
| Source of heading or term | BUEsh |
| 653 ## - INDEX TERM--UNCONTROLLED | |
| Arrived date list | June2024 |
| Resource For college | Physical Therapy |
| 655 ## - INDEX TERM--GENRE/FORM | |
| Form subdivision | Reading book |
| 906 ## - LOCAL DATA ELEMENT F, LDF (RLIN) | |
| a | 7 |
| b | cbc |
| c | orignew |
| d | 1 |
| e | ecip |
| f | 20 |
| g | y-gencatlg |
| 942 ## - ADDED ENTRY ELEMENTS (KOHA) | |
| Source of classification or shelving scheme | Dewey Decimal Classification |
| Koha item type | Book - Borrowing |
| Withdrawn status | Lost status | Source of classification or shelving scheme | Damaged status | Not for loan | Collection code | Home library | Current library | Shelving location | Date acquired | Source of acquisition | Cost, normal purchase price | Serial Enumeration / chronology | Total Checkouts | Total Renewals | Full call number | Barcode | Date last seen | Date checked out | Cost, replacement price | Price effective from | Koha item type |
|---|---|---|---|---|---|---|---|---|---|---|---|---|---|---|---|---|---|---|---|---|---|
| Dewey Decimal Classification | Baccah | Central Library | Central Library | First floor | 12/06/2024 | Purchase | 3512.00 | 38282 | 1 | 7 | 615.820727 HIC | 000057127 | 15/07/2025 | 30/09/2024 | 4390.00 | 12/06/2024 | Book - Borrowing |